000 00456nam a2200181Ia 4500
008 090124s9999 xx 000 0 und d
082 _b122000
100 _aमंगेशकर गीता
245 _a अ.म.ल.
250 _a1
260 _c1987
300 _a205
600 _aमंगेशकर गीता
630 _a अ.म.ल.
700 _aमंगेशकर गीता
730 _a अ.म.ल.
942 _cBOOK
999 _c168086
_d168086